| 000 | 01107cam a22002651 4500 | ||
|---|---|---|---|
| 001 | sd 43000029 | ||
| 003 | DLC | ||
| 005 | 20260227112734.0 | ||
| 008 | 800329s1936 cc 000 0 eng c | ||
| 010 | _asd 43000029 | ||
| 035 | _a(OCoLC)6142003 | ||
| 040 |
_aU.S. Dept. of state. Libr. _cOCl _dDLC |
||
| 042 | _apremarc | ||
| 050 | 0 | 0 |
_aHD9886.C6 _bT5 |
| 051 |
_aDU1 _b.I5 1936 vol. 4, no. 5 |
||
| 082 | _a338.17351 | ||
| 100 | 1 |
_aTing, Leonard G., _d1884- |
|
| 245 | 1 | 0 |
_aRecent developments in China's cotton industry, _cby Leonard G. Ting. |
| 260 |
_a[Shanghai] _bChina institute of Pacific relations, _c1936. |
||
| 300 |
_a2 p. l., 43 p. _c23 cm. |
||
| 500 | _a"Preliminary paper prepared for the sixth conference of the Institute of Pacific relations held at Yosemite, California, August 15-19, 1963." | ||
| 501 |
_aDU1 .I5 1936 vol. 4, no. 5 With : New monetary system of China / Wei-ying Lin. [Shanghai] China institute of Pacific relations, 1936. Bound together subsequent to publication. _5DLC |
||
| 650 | 0 |
_aCotton trade _zChina. |
|
| 711 | 2 |
_aChina institute of Pacific relations _d(1936) |
|
| 999 |
_c89921 _d89921 |
||